| 000 | 00404nam a2200145 a 4500 | ||
|---|---|---|---|
| 001 | 000038123 | ||
| 005 | 20201002031159.0 | ||
| 008 | 130314s1987 dr a 000 0 spa d | ||
| 020 | _a8476011008 (Vol.1) | ||
| 040 |
_aDO-SdBNP _bspa _cBNPHU |
||
| 245 | 0 | 0 | _aEnciclopedia temática de informática. |
| 260 |
_aMadrid : _bEdiciones Naveco, _c1987. |
||
| 300 |
_av. ; _c28 cm. |
||
| 500 | _aTexto a dos columnas | ||
| 999 |
_c37613 _d37613 |
||